Kniha pro ženy /

Hlavní autor: Studničková Šípková, Olga, 1969-
Další autoři: Studnička, Milan, 1977-, Schwarz, Jiří, 1959-, Jančík, Filip, 1974-, Vrána, Miloš
Jazyk: Čeština
Vydáno: Praha : Voxi, 2025
Vydání: 1. vydání
Témata:
Fyzický popis: 1 audiodisk (4 hod., 51 min.) ; 12 cm
Zvukové nahrávky
Uloženo v:
LEADER 02822nim a2200769 i 4500
001 001926073
003 CZ BrMZK
005 20250612135443.0
007 sd fungnnmmned
008 250219p20252024xr nnnng i n cze
015 |a cnb003672289 
020 |a 978-80-7448-308-0 :  |c Kč 399,00 
040 |a BOA001  |b cze  |e rda 
072 7 |a 159.92  |x Vývojová psychologie. Individuální psychologie  |2 Konspekt  |9 17 
080 |a 316.346.2-055.2  |2 MRF 
080 |a 159.923.2  |2 MRF 
080 |a 159.923.5  |2 MRF 
080 |a 005.572  |2 MRF 
080 |a 159.923-025.18  |2 MRF 
080 |a (035)  |2 MRF 
080 |a (086.7)08  |2 MRF 
080 |a (086.76)  |2 MRF 
100 1 |a Studničková Šípková, Olga,  |d 1969-  |7 jn20000402955  |4 aut  |4 nrt 
245 1 0 |a Kniha pro ženy /  |c Olga Studničková Šípková, Milan Studnička 
250 |a 1. vydání 
264 1 |a Praha :  |b Voxi,  |c 2025 
300 |a 1 audiodisk (4 hod., 51 min.) ;  |c 12 cm 
306 |a 045100 
336 |a mluvené slovo  |b spw  |2 rdacontent 
337 |a audio  |b s  |2 rdamedia 
338 |a audiodisk  |b sd  |2 rdacarrier 
344 |a digital  |b optical  |2 rda 
347 |a audio soubor  |b MP3  |2 rda 
500 |a Název z disku 
500 |a Vydalo nakladatelství Voxi ve společnosti Albatros Media a.s. 
500 |a Podle stejnojmenné knihy vydané nakladatelstvím BizBooks v roce 2023 
500 |a Nezkrácená audiokniha ve formátu MP3 
508 |a Režie, Miloš Vrána 
511 0 |a Čtou Olga Studničková Šípková, Jiří Schwarz, Filip Jančík 
518 |o Nahráno  |d 2024  |p studio ArtCrow Production 
650 0 7 |a ženy  |7 ph127967  |2 czenas 
650 0 7 |a sebepoznání  |7 ph116116  |2 czenas 
650 0 7 |a sebepřijímání  |7 ph210489  |2 czenas 
650 0 7 |a rozvoj osobnosti  |7 ph194683  |2 czenas 
650 0 7 |a koučování  |7 ph335997  |2 czenas 
650 0 7 |a spokojenost  |7 ph1102992  |2 czenas 
650 0 9 |a women  |2 eczenas 
650 0 9 |a self-consciousness  |2 eczenas 
650 0 9 |a self-acceptance  |2 eczenas 
650 0 9 |a personality development  |2 eczenas 
650 0 9 |a personal coaching  |2 eczenas 
650 0 9 |a contentment  |2 eczenas 
655 7 |a příručky  |7 fd133209  |2 czenas 
655 7 |a audioknihy  |7 fd119452  |2 czenas 
655 7 |a kompaktní disky  |7 fd201991  |2 czenas 
655 9 |a handbooks and manuals  |2 eczenas 
655 9 |a audiobooks  |2 eczenas 
655 9 |a compact discs  |2 eczenas 
700 1 |a Studnička, Milan,  |d 1977-  |7 mzk2003187266  |4 aut 
700 1 |a Schwarz, Jiří,  |d 1959-  |7 ola2002142356  |4 nrt 
700 1 |a Jančík, Filip,  |d 1974-  |7 xx0154612  |4 nrt 
700 1 |a Vrána, Miloš  |7 xx0209201  |4 drt 
910 |a BOA001  |b CDR-1537.991 
928 9 |a Albatros Media 
990 |a AV 
991 |b 202503  |c NOV 
996 6 |b 2610995379  |c CDR-1537.991  |l MZK  |r Sklad / do 24 hodin  |n 0  |p p.v.  |w 001995731  |u 000010  |a 1  |e BOA001  |j MZK50  |s P